Vzdelávanie dospelých - významná súčasť riešenia národohospodárskych problémov trhu práce
Uložené v:
| Hlavný autor: | |
|---|---|
| Ďalší autori: | , , |
| Médium: | Kniha |
| Jazyk: | Slovak |
| Vydavateľské údaje: |
Bratislava
Ekonomická univerzita, VÚNH
1998
|
| Edícia: | Štúdie
|
| Predmet: | |
| Tagy: |
Žiadne tagy, Buďte prvý, kto otaguje tento záznam!
|
MARC
| LEADER | 00000nam a2200000 4500 | ||
|---|---|---|---|
| 001 | c123711 | ||
| 005 | 20240502071319.3 | ||
| 022 | |a 1335-1419 | ||
| 041 | 0 | |a slo | |
| 044 | |a SK | ||
| 245 | 1 | 0 | |a Vzdelávanie dospelých - významná súčasť riešenia národohospodárskych problémov trhu práce |c Marta Matulčíková-Ďurďovičová a kol. |
| 264 | 1 | |a Bratislava |b Ekonomická univerzita, VÚNH |c 1998 | |
| 300 | |a 90 s. | ||
| 490 | 1 | |a Štúdie | |
| 830 | 0 | |a Štúdie | |
| 610 | 2 | 0 | |a trh práce |
| 610 | 2 | 0 | |a vzdelávanie |
| 610 | 2 | 0 | |a vzdelávanie ďalšie |
| 610 | 2 | 0 | |a vzdelávanie dospelých |
| 610 | 2 | 0 | |a vzdelávanie permanentné |
| 610 | 2 | 0 | |a zvyšovanie kvalifikácie |
| 610 | 2 | 0 | |a kapitál ľudský |
| 610 | 2 | 0 | |a podnikanie |
| 610 | 2 | 0 | |a Slovensko |
| 610 | 2 | 0 | |a nezamestnanosť |
| 610 | 2 | 0 | |a rekvalifikácia |
| 100 | 1 | |a Matulčíková-Ďurďovičová, Marta, 1964- | |
| 700 | 1 | |a Srna, Otakar | |
| 700 | 1 | |a Strižencová, Michaela | |
| 700 | 1 | |a Dudová, Iveta | |